مكتبة جامعة عجلون الوطنية

فهرس بحث المكتبة

Normal view MARC view
  • تاريخ الاردن- الاردن- جلالة الملك عبدالله الثاني بن الحسين- علاقات دولية- علاقات اقتصادية

Entry Topical Term

Number of records used in: 1

001 - CONTROL NUMBER

  • control field: 48469

003 - CONTROL NUMBER IDENTIFIER

  • control field: JO-AjAnu

005 - DATE AND TIME OF LATEST TRANSACTION

  • control field: 20230606082008.0

008 - FIXED-LENGTH DATA ELEMENTS

  • fixed length control field: 230606|| aca||aabn | a|a d

040 ## - CATALOGING SOURCE

  • Original cataloging agency: JO-AjAnu
  • Transcribing agency: JO-AjAnu

150 ## - HEADING--TOPICAL TERM

  • Topical term or geographic name entry element: تاريخ الاردن- الاردن- جلالة الملك عبدالله الثاني بن الحسين- علاقات دولية- علاقات اقتصادية

670 ## - SOURCE DATA FOUND

  • Source citation: Work cat.: (JO-AjAnu)24796: اعداد وتحرير العمايرة، شرين اسماعيل، اعداد وتحرير زهران، وسام ابراهيم؛ تحقيق حمو، ماجد موسى, author 48468, جلالة الملك عبدالله الثاني بن الحسين المعظم والجسور الاقتصادية بين الأردن والعالم